| 000 | 01024nam a2200313 c 4500 | ||
|---|---|---|---|
| 001 | a5604940 | ||
| 003 | SpMaBN | ||
| 005 | 20221004124856.0 | ||
| 008 | 150203s2018 ch a | 001 0dspa | ||
| 020 | _a9787119090252 | ||
| 020 | _a9787119111704 (v.2) | ||
| 040 |
_aBPMSU _bspa _cBPMSU _e |
||
| 082 |
_a320.951 _bX6g 2018 _222 |
||
| 100 | 1 |
_aXi, Jinping _d1953- _0 |
|
| 245 | 1 | 3 |
_aLa gobernación y administración de China / _cXi Jinping |
| 260 |
_aBeijing : _bEdiciones en Lenguas Extranjeras, _c2018 |
||
| 300 |
_avi, 579 p, [44] p. de láminas : _bfotografías ; _c24 cm. |
||
| 500 | _aIncluye apéndice documental | ||
| 500 | _aIncluye referencias bibliográficas y notas al pie de las páginas | ||
| 500 | _aIncluye índice | ||
| 590 | _6Inventariado, 2022/VM | ||
| 610 | 1 | 4 |
_aChina _bGobernación _xAdministración . |
| 650 | 4 |
_zChina. _aSocialismo |
|
| 651 | 4 |
_aChina _xPolítica y gobierno _y _2 |
|
| 651 | 4 |
_aChina _xRelaciones exteriores. |
|
| 651 | 4 | _a | |
| 910 | _aVMateoV./Validado | ||
| 942 |
_2ddc _cBK |
||
| 999 |
_c14291 _d14291 |
||